| 000 | 00555nam a22001937a 4500 | ||
|---|---|---|---|
| 005 | 20130830122559.0 | ||
| 010 | _aENG-108358 | ||
| 020 | _c200.00 | ||
| 035 | _aEN-91891 | ||
| 037 | _bDBAD/PUB | ||
| 082 | _a610.3 | ||
| 100 | _aYadav, M.S. | ||
| 245 |
_aSupreme dictionary of medical / _cby M.S. Yadav [and] Devendra Singh |
||
| 260 |
_aDelhi _bKalra Publications _c2010-11 |
||
| 270 |
_a2619-20/3, New Market, Nai Sarak, _bDelhi _e110006 |
||
| 300 |
_a252p. _c22cm(Hb) |
||
| 700 | _aDevendra Singh | ||
| 942 |
_2ddc _cEN _mYAD _h610.3 |
||
| 999 |
_c78774 _d78774 |
||